Olympique Lyonnais 2019/2020 Squad - Statistics

General Stats
  • This quiz has been taken 331 times
    313 since last reset
  • The average score is 17 of 27
Answer Stats
No. Answer % Correct
1 Portugal (GK) Anthony Lopes
99%
11 Netherlands (FW) Memphis Depay
97%
5 Belgium (DF) Jason Denayer
94%
8 France (MF) Houssem Aouar
89%
10 Burkina Faso (FW) Bertrand Traoré
87%
20 Brazil (DF) Marçal
87%
27 Côte d'Ivoire (FW) Maxwel Cornet
86%
9 France (FW) Moussa Dembélé
83%
3 Denmark (DF) Joachim Andersen
79%
6 Brazil (DF) Marcelo
79%
14 France (DF) Léo Dubois
78%
30 Romania (GK) Ciprian Tătărușanu
76%
23 Netherlands (DF) Kenny Tete
70%
12 Brazil (MF) Thiago Mendes
67%
25 France (MF) Maxence Caqueret
66%
4 Brazil (DF) Rafael
59%
- Brazil (MAN) Sylvinho
56%
28 Mali (DF) Youssouf Koné
48%
29 France (MF) Lucas Tousart
45%
7 France (FW) Martin Terrier
43%
17 France (MF) Jeff Reine-Adélaïde
40%
22 Brazil (MF) Jean Lucas
35%
19 France (FW) Amine Gouiri
33%
16 Switzerland (GK) Anthony Racioppi
27%
2 France (DF) Mapou Yanga-Mbiwa
21%
26 France (DF) Oumar Solet
10%
35 France (FW) Boubacar Fofana
4%
No matching quizzes found
Score Distribution
Percent of People with Each Score
Percentile by Number Answered
Your Score History
You have not taken this quiz since the last reset